Score 0/15 Timer 04:00
1 Play Today
% Correct
Gandalf
93.6%
Bilbo
92.2%
Boromir
90.2%
Sam
86.4%
Elrond
85.4%
Tom Bombadil
82.4%
Gimli
82%
Galadriel
82%
% Correct
Strider
79.3%
Farmer Maggot
78.6%
Legolas
78.3%
Frodo
72.9%
Merry
57.3%
Fatty Bolger
54.6%
Pippin
47.5%
Remove Ads.
Support Sporcle.
Get the best of Sporcle when you Go Orange. This ad-free experience offers more features, more stats, and more fun while also helping to support Sporcle. Thank you for becoming a member.

You're not logged in!

Compare scores with friends on all Sporcle quizzes.
OR
Log In

Show Comments

Extras

Top Quizzes Today


Score Distribution

Your Account Isn't Verified!

In order to create a playlist on Sporcle, you need to verify the email address you used during registration. Go to your Sporcle Settings to finish the process.

Report this User

Report this user for behavior that violates our Community Guidelines.

Details: